Libro de guisados / (Record no. 115334)

MARC details
000 -LEADER
campo de control de longitud fija 01126nam a2200277 i 4500
001 - NÚMERO DE CONTROL
campo de control 115334
003 - IDENTIFICADOR DE NÚMERO DE CONTROL
campo de control ES-MaACL
005 - FECHA Y HORA DE LA ÚLTIMA TRANSACCIÓN
campo de control 20250414183434.0
007 - CAMPO FIJO DE DESCRIPCIÓN FÍSICA--INFORMACIÓN GENERAL
campo de control de longitud fija t|
008 - DATOS DE LONGITUD FIJA--INFORMACIÓN GENERAL
campo de control de longitud fija 070306s1929 sp fh |||| | spa d
080 ## - NÚMERO DE LA CLASIFICACIÓN DECIMAL UNIVERSAL
Número de la Clasificación Decimal Universal 641.5"15"(083.12)
100 1# - ENTRADA PRINCIPAL--NOMBRE DE PERSONA
Nombre de persona Nola, Ruberto de.
9 (RLIN) 163056
245 10 - MENCIÓN DEL TÍTULO
Título Libro de guisados /
Mención de responsabilidad, etc. Ruperto de Nola ; edición y estudio por Dionisio Pérez ("Post-Thebussem").
246 3# - FORMA VARIANTE DEL TITULO
Título propio/Titulo breve Cómo se servía de comer al rey Hernando de Nápoles, por su cocinero Roberto de Nola
260 ## - PUBLICACIÓN, DISTRIBUCIÓN, ETC.
Lugar de publicación, distribución, etc. Madrid :
Nombre del editor, distribuidor, etc. Compañía Ibero-Americana de Publicaciones,
Fecha de publicación, distribución, etc. 1929 (
Fabricante Imp. de Blass)
300 ## - DESCRIPCIÓN FÍSICA
Extensión XLVIII, 247 p., [2] h. de lám. ;
Dimensiones 22 cm.
490 1# - MENCIÓN DE SERIE
Mención de serie Los clásicos olvidados ;
Designación de volumen o secuencia 9
500 ## - NOTA GENERAL
Nota general Glosario.
500 ## - NOTA GENERAL
Nota general Índice.
650 #4 - PUNTO DE ACCESO ADICIONAL DE MATERIA--TÉRMINO DE MATERIA
Término de materia o nombre geográfico como elemento de entrada Cocina-
Subdivisión de forma Recetas-
-- Obras anteriores a 1800.
9 (RLIN) 151348
650 #4 - PUNTO DE ACCESO ADICIONAL DE MATERIA--TÉRMINO DE MATERIA
Término de materia o nombre geográfico como elemento de entrada Cocina-
Subdivisión general Recetas-
Subdivisión cronológica S.XVI.
9 (RLIN) 174115
700 1# - ENTRADA AGREGADA--NOMBRE PERSONAL
Nombre de persona Pérez, Dionisio,
Fechas asociadas al nombre 1871-1935
9 (RLIN) 90566
830 1# - PUNTO DE ACCESO ADICIONAL DE SERIE-TÍTULO UNIFORME
Título uniforme Los clásicos olvidados ;
Designación de volumen o secuencia 9
9 (RLIN) 186240
852 4# - LOCALIZACIÓN
Ubicación ES-MaACL
Número de control de estantería F-13915
Nota libre - Enc. hol.
-- - Error de enc.: el pr. de Dionisio Pérez (XLVIII p.) enc. en F-13914
Holdings
Estatus retirado Estado de pérdida Estado de daño No para préstamo Biblioteca de origen Biblioteca actual Ubicación en estantería Fecha de adquisición Fuente de adquisición Total de préstamos Signatura topográfica completa Código de barras Visto por última vez Precio de reemplazo Tipo de ítem Koha
        Biblioteca del Ateneo de Madrid Biblioteca del Ateneo de Madrid Sala Pecera Planta 2 17/01/2008     F-13915 1120259 23/02/2023 23/02/2023 Libro impreso